000 02951cam a2200337 4500500
005 20260412000723.0
041 _afre
042 _adc
100 1 0 _aCottin-Marx, Simon
_eauthor
245 0 0 _aLe rôle du patronat associatif dans l’éclatement conventionnel de la branche sanitaire, sociale et médico-sociale à but non lucratif
260 _c2023.
500 _a77
520 _aDans cet article, nous interrogeons le rôle des acteurs « patronaux » dans la production de l’architecture conventionnelle de la branche sanitaire, sociale et médico-sociale à but non lucratif (BASS). La sociohistoire des syndicats d’employeurs que nous réalisons dans ce texte nous permet de comprendre leurs divisions et comment cela a participé à l’éclatement de ce secteur en différentes conventions collectives nationales (CCN) au cours des années 1960 à 1980, avant qu’ils ne s’unissent et créent une branche professionnelle en 1993. Après cette date, les relations entre organisations patronales sont mouvementées, mais elles finissent par converger ces dernières années sur le projet d’une CCN unique et étendue. Suivre ces évolutions nous permet d’observer ce que ce patronat associatif peut faire, mais aussi que l’État reste le principal financeur et régulateur de ce secteur professionnel et qu’il participe activement à la production des règles.
520 _aIn this article, we examine the role of "Unions of employers" in the production of the collective agreement architecture of the non-profit health, social and medico-social sector. The socio-history of the employers’ unions that we carry out in this text allows us to understand their divisions and how this contributed to the splintering of this sector into different national collective agreements (NCA) during the 1960s to 1980s, before they joined forces and created a professional branch in 1993. In the years that followed, relations between employers’ organizations were turbulent, but in recent years they have finally converged on the project of a single, comprehensive NCA. Following these developments allows us to observe what this associative employer can do, but also that the State remains the main financer and regulator of this professional sector and that it actively participates in the production of rules.
690 _aconvention collective
690 _amédico-social
690 _anégociation
690 _asanitaire
690 _asecteur non lucratif
690 _asocial
690 _asyndicat d’employeurs
690 _acollective agreement
690 _aemployers' union
690 _ahealth
690 _amedico-social
690 _anegotiation
690 _anon-profit sector
690 _asocial
786 0 _nNégociations | 38 | 2 | 2023-02-23 | p. 121-138 | 1780-9231
856 4 1 _uhttps://shs.cairn.info/revue-negociations-2022-2-page-121?lang=fr&redirect-ssocas=7080
999 _c2210983
_d2210983